000 00558cai a2200193Ia 4500
020 _a9780078247880
040 _cGPO
082 _a512 WIL 2004 C260 Or.
245 1 0 _aMathematics
246 1 _aSubject bibliography, mathematics
300 _a1 online resource.
490 1 _aSubject bibliography ;
500 _aTitle from home page last updated Mar. 19, 2003 (viewed Mar. 9, 2004).
650 0 _aMathematics
650 0 _aGovernment publications
710 1 _aUnited States.
856 4 0 _uhttp://purl.access.gpo.gov/GPO/LPS3867
942 _cAEDBB
999 _c22287
_d22287